<?xml version="1.0" encoding="UTF-8"?>
<record
    xmlns:xsi="http://www.w3.org/2001/XMLSchema-instance"
    xsi:schemaLocation="http://www.loc.gov/MARC21/slim http://www.loc.gov/standards/marcxml/schema/MARC21slim.xsd"
    xmlns="http://www.loc.gov/MARC21/slim">

  <leader>01243njm a22002897a 4500</leader>
  <controlfield tag="005">20100913161047.0</controlfield>
  <controlfield tag="007">sd ammalaaahaa</controlfield>
  <controlfield tag="008">100830t        xxu||||| |||| 00| 0 eng d</controlfield>
  <datafield tag="028" ind1=" " ind2=" ">
    <subfield code="a">MOCE.4047</subfield>
    <subfield code="b">Odeon</subfield>
  </datafield>
  <datafield tag="035" ind1=" " ind2=" ">
    <subfield code="a">GR-02063</subfield>
  </datafield>
  <datafield tag="040" ind1=" " ind2=" ">
    <subfield code="a">SED</subfield>
    <subfield code="c">SED</subfield>
  </datafield>
  <datafield tag="100" ind1=" " ind2=" ">
    <subfield code="9">19323</subfield>
    <subfield code="a">Rafi, Mohd.</subfield>
  </datafield>
  <datafield tag="245" ind1=" " ind2=" ">
    <subfield code="a">Aap aye bahaar ayee /</subfield>
    <subfield code="c">by Mohd. Rafi &amp; Lata Mangeshkar ; music by Laxmikant Pyarelal ; lyrics by Anand Bakshi</subfield>
    <subfield code="h">[sound recording]:</subfield>
    <subfield code="b">Hindi</subfield>
  </datafield>
  <datafield tag="246" ind1=" " ind2=" ">
    <subfield code="a">&#x906;&#x92A; &#x906;&#x92F;&#x947; &#x92C;&#x939;&#x93E;&#x930; &#x906;&#x92F;&#x940; (&#x92E;&#x94B;&#x939;&#x926;. &#x930;&#x92B;&#x93C;&#x940; &amp; &#x932;&#x924;&#x93E; &#x92E;&#x902;&#x917;&#x947;&#x936;&#x915;&#x930;)</subfield>
  </datafield>
  <datafield tag="260" ind1=" " ind2=" ">
    <subfield code="a">Dum Dum, India:</subfield>
    <subfield code="b">Odeon</subfield>
    <subfield code="c">1971</subfield>
  </datafield>
  <datafield tag="300" ind1=" " ind2=" ">
    <subfield code="a">1 sound disc [GramphoneRecording]:</subfield>
    <subfield code="b">analog,33 1/3 rpm </subfield>
    <subfield code="c">12 in.(SP)</subfield>
    <subfield code="f">Gramphones Records</subfield>
  </datafield>
  <datafield tag="500" ind1=" " ind2=" ">
    <subfield code="a">Brief records</subfield>
  </datafield>
  <datafield tag="500" ind1=" " ind2=" ">
    <subfield code="a">Odeon </subfield>
  </datafield>
  <datafield tag="500" ind1=" " ind2=" ">
    <subfield code="a">black</subfield>
  </datafield>
  <datafield tag="505" ind1=" " ind2=" ">
    <subfield code="a">Side-1 aap aaye bahaar aayee (&#x906;&#x92A; &#x906;&#x92F;&#x947; &#x92C;&#x939;&#x93E;&#x930; &#x906;&#x92F;&#x940;), Side-2 Poochhe jo kio mujh se (&#x92A;&#x942;&#x91B;&#x947; &#x91C;&#x94B;  &#x915;&#x94B;&#x908; &#x92E;&#x941;&#x91D; &#x938;&#x947;) </subfield>
  </datafield>
  <datafield tag="650" ind1=" " ind2=" ">
    <subfield code="x">Excerpts</subfield>
    <subfield code="z">India</subfield>
    <subfield code="9">17446</subfield>
    <subfield code="a">Motion picture music</subfield>
    <subfield code="v">filmi song</subfield>
  </datafield>
  <datafield tag="700" ind1=" " ind2=" ">
    <subfield code="9">19469</subfield>
    <subfield code="a">Mangeshkar, Lata</subfield>
  </datafield>
  <datafield tag="700" ind1=" " ind2=" ">
    <subfield code="9">19523</subfield>
    <subfield code="a">Laxmikant Pyarelal</subfield>
  </datafield>
  <datafield tag="700" ind1=" " ind2=" ">
    <subfield code="a">Bakshi, Anand</subfield>
    <subfield code="9">19830</subfield>
  </datafield>
  <datafield tag="942" ind1=" " ind2=" ">
    <subfield code="2">ddc</subfield>
    <subfield code="c">GR</subfield>
  </datafield>
  <datafield tag="999" ind1=" " ind2=" ">
    <subfield code="c">45523</subfield>
    <subfield code="d">45523</subfield>
  </datafield>
  <datafield tag="952" ind1=" " ind2=" ">
    <subfield code="0">0</subfield>
    <subfield code="1">0</subfield>
    <subfield code="2">ddc</subfield>
    <subfield code="4">0</subfield>
    <subfield code="7">1</subfield>
    <subfield code="a">L</subfield>
    <subfield code="b">L</subfield>
    <subfield code="d">2010-09-13</subfield>
    <subfield code="e">SED/VEN</subfield>
    <subfield code="l">0</subfield>
    <subfield code="p">GR-02063</subfield>
    <subfield code="r">2010-09-13 00:00:00</subfield>
    <subfield code="t">1</subfield>
    <subfield code="w">2010-09-13</subfield>
    <subfield code="y">GR</subfield>
  </datafield>
</record>
